000 00789nam a22002177a 4500
005 20240530110921.0
008 220221s1985 ua a g b 000 0 ara d
040 _aEG-CaGPL
_cEG-CaGPL
082 0 4 _221
_a810.006 \
_bس ا
100 0 _aاحسان عباس
245 0 2 _aاخبار وتراجم اندلسية :
_bمستخرجة من معجم السفر للسلفى 576 /
_cاحسان عباس
250 _aط.1
260 _aبيروت :
_bدار الثقافة للنشر والتوزيع ،
_c1985
300 _a175 ص؛
_c24 سم
490 _aالمكتبة الاندلسية
_v( 7 )
650 0 7 _aالادب العربى
_2qrmak
650 0 7 _aالتراجم
_2qrmak
650 0 7 _aالاندلس
_2qrmak
942 _2ddc
_cBK
999 _c66495
_d66495